000 01291cab a22002055a 4500
001 L139708
008 070806e20070806xxk g 000 0 eng d
035 _a(Sirsi) u139708
041 0 _aeng
110 2 _aNational Housing Federation
_9695
245 0 0 _aHome truths
_bhouse prices to break £300k barrier by 2012
_h[electronic resource]
260 _c2007
490 _aNational Housing Federation Press Release
_v6 August 2007
520 _aDescribes key details of the National Housing Federation's report on projected house price trends. Headline findings are that the average house price rise by 40% to £302 400 by 2012, with London averages surpassing £500 000. A housing crash is unlikely despite prices rising beyond the reach of most first-time buyers. The average house price is now 11 times the average salary. Housing supply is falling ever further behind demand. Over 1.6m households are on waiting lists for social homes. The Federation says that promised government investment in housing must be honoured.
590 _aKA NTK
651 4 _aUnited Kingdom
_y
690 _aResidential property
_96266
856 4 8 _uhttps://www.housing.org.uk/default.aspx?tabid=212&mid=828&ctl=Details&ArticleID=608
_zView the article free of charge at www.housing.org.uk...
942 _n0
999 _c79066
_d79066